Prosperita podniku a vnútropodnikový manažment výroby

Ciele podniku v trhovej ekonomike. Zdokonaľovanie vnútropodnikového podnikania v samotnom vnútropodnikovom manažmente výroby. Proces zmien vo vnútropodnikovom manažmente výroby. Zdokonaľovanie vnútropodnikového manažmentu výroby uplatňovaním tzv. novších systémov či koncepcií riadenia výroby. MRP sy...

ver descrição completa

Na minha lista:
Detalhes bibliográficos
Autor principal: Dupaľ, Andrej
Formato: Capítulo de Livro
Idioma:eslovaco
Assuntos:
Tags: Adicionar Tag
Sem tags, seja o primeiro a adicionar uma tag!

MARC

LEADER 00000naa$a2200000$$$4500
001 0024117
005 20240502071419.2
041 0 |a slo 
044 |a SK 
245 1 0 |a Prosperita podniku a vnútropodnikový manažment výroby  |c Andrej Dupaľ 
520 |a Ciele podniku v trhovej ekonomike. Zdokonaľovanie vnútropodnikového podnikania v samotnom vnútropodnikovom manažmente výroby. Proces zmien vo vnútropodnikovom manažmente výroby. Zdokonaľovanie vnútropodnikového manažmentu výroby uplatňovaním tzv. novších systémov či koncepcií riadenia výroby. MRP systémy. Just in Time. OPT (Optimalizovaná technológia výroby). BOA (Vyťažovacie riadenie). Kaizen (Kai -zmena, Zen - lepšie). Lean production (Štíhla výroba). Benchmarking (Porovnávací manažment). Reinžiniering (Znovuinžinierstvo). 
610 2 0 |a podnik 
610 2 0 |a manažment 
610 2 0 |a riadenie podnikové 
610 2 0 |a riadenie vnútropodnikové 
610 2 0 |a výroba 
610 2 0 |a výroba štíhla 
610 2 0 |a systémy riadenia 
100 1 |a Dupaľ, Andrej